[Event "Aeroflot Open B 2015"]
[Site "Moscú RUS"]
[Date "2015.04.02"]
[Round "7.24"]
[White "Glek, Igor"]
[Black "Mammadzada, Gunay"]
[Result "1/2-1/2"]
[WhiteElo "2410"]
[BlackElo "2336"]
[PlyCount "84"]
[EventDate "2015.03.27"]
[EventType "swiss"]
[EventRounds "9"]
[EventCountry "RUS"]
[Source "lmi"]
[SourceDate "2015.03.27"]

1. e4 c5 2. Nf3 d6 3. Bb5+ Bd7 4. Bxd7+ Qxd7 5. O-O Nf6 6. e5 dxe5 7. Nxe5 Qc8
8. Qf3 e6 9. Nc3 Be7 10. d3 O-O 11. Qg3 Kh8 12. Bg5 Nc6 13. Nxc6 Qxc6 14. Qh4
Rfe8 15. Rae1 Nd5 16. Bxe7 Nxe7 17. Ne4 Nf5 18. Qh5 f6 19. c3 b6 20. g4 Nd6 21.
Re3 Nxe4 22. dxe4 Rad8 23. e5 fxe5 24. Rfe1 Rf8 25. Rh3 h6 26. Qxe5 Kg8 27.
Rhe3 Rf6 28. Qe4 Qd6 29. Rf3 Rxf3 30. Qxf3 Rf8 31. Qe2 Rf6 32. Rd1 Qf4 33. h3
e5 34. Rd8+ Rf8 35. Rxf8+ Kxf8 36. Qd1 Kg8 37. Qd5+ Kh8 38. Kg2 e4 39. Qe6 Qd2
40. Qc8+ Kh7 41. Qf5+ Kh8 42. Qxe4 Qxb2 1/2-1/2

[Event "Aeroflot Open B 2015"]
[Site "Moscú RUS"]
[Date "2015.04.02"]
[Round "7.25"]
[White "Korchmar, Vasiliy"]
[Black "Kazimova, Narmin"]
[Result "1-0"]
[WhiteElo "2405"]
[BlackElo "2262"]
[PlyCount "125"]
[EventDate "2015.03.27"]
[EventType "swiss"]
[EventRounds "9"]
[EventCountry "RUS"]
[Source "lmi"]
[SourceDate "2015.03.27"]

1. d4 Nf6 2. c4 e6 3. g3 d5 4. Nf3 Bb4+ 5. Bd2 Be7 6. Bg2 c6 7. Qc2 Nbd7 8. O-O
O-O 9. Rd1 b6 10. Bf4 Nh5 11. Bc1 Nhf6 12. Bf4 Nh5 13. Bd2 Nhf6 14. b3 Ba6 15.
a4 Rc8 16. a5 b5 17. c5 Ne4 18. Nc3 Nxd2 19. Qxd2 e5 20. dxe5 Bxc5 21. e4 Bb4
22. Qe3 Bxc3 23. Qxc3 dxe4 24. Nh4 Qc7 25. Nf5 Nxe5 26. Nd6 Nf3+ 27. Bxf3 exf3
28. Nxc8 Qxc8 29. Rd6 c5 30. Qxf3 Bb7 31. Qe3 Re8 32. Qxe8+ Qxe8 33. Rad1 c4
34. Rd8 Kf8 35. Rxe8+ Kxe8 36. bxc4 bxc4 37. Kf1 Bc6 38. Ke1 Ke7 39. Rd4 Bb5
40. Rd5 Ba6 41. Kd2 g6 42. Kc3 h5 43. h4 Ke6 44. Rd8 Bb5 45. Rb8 Bc6 46. Kxc4
Bg2 47. Kc5 Bf1 48. Ra8 a6 49. Kb6 Kd6 50. Ra7 f6 51. Ra8 Kd7 52. Rf8 Ke7 53.
Rc8 Bb5 54. Rc1 Ke6 55. Re1+ Kd5 56. Re7 Kd6 57. Rg7 Bd3 58. Rg8 Kd7 59. Kc5
Ke6 60. Kd4 Kf7 61. Rb8 Be2 62. Rb7+ Ke6 63. Rb2 1-0

[Event "Aeroflot Open B 2015"]
[Site "Moscú RUS"]
[Date "2015.04.02"]
[Round "7.26"]
[White "Danielian, Elina"]
[Black "Lorparizangeneh, Shahin"]
[Result "0-1"]
[WhiteElo "2488"]
[BlackElo "2319"]
[PlyCount "96"]
[EventDate "2015.03.27"]
[EventType "swiss"]
[EventRounds "9"]
[EventCountry "RUS"]
[Source "lmi"]
[SourceDate "2015.03.27"]

1. d4 Nf6 2. Bg5 d5 3. Nd2 c5 4. dxc5 e6 5. b4 b6 6. e4 bxc5 7. Ngf3 cxb4 8.
exd5 Qxd5 9. Bc4 Qd8 10. O-O Be7 11. Qe2 O-O 12. Rad1 Nbd7 13. Nb3 Qc7 14. Nbd4
Nb6 15. Bb3 Bb7 16. Rfe1 Ne4 17. Nb5 Qc5 18. Be3 Qc8 19. Ne5 Nd5 20. Bd4 Nc5
21. Qg4 Nf6 22. Qh3 Nxb3 23. cxb3 a6 24. Na7 Qb8 25. Nac6 Bxc6 26. Nxc6 Qb7 27.
Nxe7+ Qxe7 28. Qh4 a5 29. h3 Rfd8 30. Qg3 h6 31. Be5 Rac8 32. Rc1 Ne8 33. Bf4
Qf6 34. Rxc8 Rxc8 35. Re5 Rc3 36. Be3 Qd8 37. Qf3 Qc7 38. Rb5 Nd6 39. Qa8+ Kh7
40. Rxa5 Nb7 41. Ra7 Rd3 42. g4 Rd1+ 43. Kg2 Qc6+ 44. f3 Qc2+ 45. Kg3 Rh1 46.
Kf4 f6 47. Bf2 Qxf2 48. Qxb7 Qd2+ 0-1

[Event "Aeroflot Open B 2015"]
[Site "Moscú RUS"]
[Date "2015.04.02"]
[Round "7.27"]
[White "Kulkarni, Rakesh"]
[Black "Papin, Vasily"]
[Result "0-1"]
[WhiteElo "2282"]
[BlackElo "2501"]
[PlyCount "98"]
[EventDate "2015.03.27"]
[EventType "swiss"]
[EventRounds "9"]
[EventCountry "RUS"]
[Source "lmi"]
[SourceDate "2015.03.27"]

1. e4 c5 2. c3 Nf6 3. e5 Nd5 4. d4 cxd4 5. Nf3 Nc6 6. cxd4 d6 7. Bc4 Nb6 8. Bb5
Bd7 9. Nc3 dxe5 10. dxe5 g6 11. Bf4 Bg7 12. O-O O-O 13. Re1 a6 14. Bd3 h6 15.
h3 Be6 16. Qe2 Qc7 17. Qe3 Kh7 18. h4 Nb4 19. Nd4 Nxd3 20. Qxd3 Qc4 21. Qe4 Bd5
22. Qe3 Rfd8 23. Red1 e6 24. Nb3 Qc7 25. Rac1 Bc6 26. Na5 Rxd1+ 27. Rxd1 Nd5
28. Nxd5 Bxd5 29. Nb3 Qc2 30. Rc1 Qxb2 31. Rc7 Qxa2 32. Nc5 Qb1+ 33. Kh2 Qf5
34. f3 g5 35. Bg3 gxh4 36. Bf4 b5 37. Nd7 Kg6 38. Nb6 Rd8 39. Nc8 Rxc8 40. Rxc8
b4 41. Rg8 Kh7 42. Rxg7+ Kxg7 43. Bxh6+ Kg8 44. Bg5 b3 45. Bf6 b2 46. Qb6 b1=Q
47. Qd8+ Kh7 48. Qh8+ Kg6 49. Qxh4 Qh5 0-1

[Event "Aeroflot Open B 2015"]
[Site "Moscú RUS"]
[Date "2015.04.02"]
[Round "7.28"]
[White "Litvinov, Maxim"]
[Black "Salman, Pavel"]
[Result "1-0"]
[WhiteElo "2389"]
[BlackElo "2288"]
[PlyCount "97"]
[EventDate "2015.03.27"]
[EventType "swiss"]
[EventRounds "9"]
[EventCountry "RUS"]
[Source "lmi"]
[SourceDate "2015.03.27"]

1. e4 c5 2. Nf3 e6 3. g3 a6 4. Bg2 Nc6 5. O-O d6 6. c3 Nf6 7. Re1 Be7 8. d4 O-O
9. h3 b5 10. b3 Bb7 11. Bb2 Qb6 12. d5 Nd8 13. Na3 e5 14. c4 Bc8 15. Nh2 Ne8
16. f4 f6 17. Bf3 Nc7 18. Bg4 Bb7 19. Bd7 Nf7 20. f5 Ng5 21. h4 Rfd8 22. Be6+
Ngxe6 23. fxe6 a5 24. Ng4 Ba6 25. Rb1 a4 26. Ne3 g6 27. Bc1 axb3 28. axb3 Ne8
29. Qg4 Ng7 30. Rf1 Qa5 31. Nac2 Ra7 32. b4 Qb6 33. bxc5 Qxc5 34. Ba3 Qb6 35.
Qe2 f5 36. cxb5 Bc8 37. Kh1 Nh5 38. Qf2 f4 39. gxf4 exf4 40. Nf5 Qc7 41. b6 Qc3
42. bxa7 Ba6 43. Nxe7+ Kf8 44. Kh2 Bxf1 45. Rxf1 Kxe7 46. Bb4 Qc4 47. Nd4 Nf6
48. Nc6+ Ke8 49. Qxf4 1-0

[Event "Aeroflot Open B 2015"]
[Site "Moscú RUS"]
[Date "2015.04.02"]
[Round "7.29"]
[White "Liu, Chang"]
[Black "Ruecker, Benjamin"]
[Result "1/2-1/2"]
[WhiteElo "2357"]
[BlackElo "2269"]
[PlyCount "59"]
[EventDate "2015.03.27"]
[EventType "swiss"]
[EventRounds "9"]
[EventCountry "RUS"]
[Source "lmi"]
[SourceDate "2015.03.27"]

1. c4 g6 2. Nc3 Bg7 3. Nf3 c5 4. g3 Nc6 5. Bg2 e6 6. O-O Nge7 7. d3 O-O 8. Bg5
h6 9. Bd2 d5 10. Qc1 Kh7 11. Rb1 b6 12. a3 a5 13. Rd1 Bb7 14. Qc2 Nf5 15. b3
Nfd4 16. Nxd4 Nxd4 17. Qa2 Qd7 18. Be1 Nf5 19. Rbc1 h5 20. Qb1 h4 21. e4 dxe4
22. dxe4 Nd4 23. Nb5 Qe7 24. Nxd4 Bxd4 25. Bc3 e5 26. Bxd4 cxd4 27. a4 hxg3 28.
hxg3 Kg7 29. Qd3 f6 30. Rc2 1/2-1/2

[Event "Aeroflot Open B 2015"]
[Site "Moscú RUS"]
[Date "2015.04.02"]
[Round "7.30"]
[White "Abhishek, Kelkar"]
[Black "Nazarenus, Moritz"]
[Result "1/2-1/2"]
[WhiteElo "2343"]
[BlackElo "2217"]
[PlyCount "39"]
[EventDate "2015.03.27"]
[EventType "swiss"]
[EventRounds "9"]
[EventCountry "RUS"]
[Source "lmi"]
[SourceDate "2015.03.27"]

1. d4 d5 2. Nf3 Nf6 3. c4 c6 4. Nc3 e6 5. g3 b6 6. Bg2 Bb7 7. O-O Be7 8. Qc2
O-O 9. Rd1 Na6 10. e4 dxc4 11. e5 Nd5 12. Ne4 h6 13. Qxc4 Rc8 14. Bf1 Rc7 15.
Qa4 Nb8 16. Bd2 Qc8 17. Rac1 Ba6 18. Nd6 Bxd6 19. exd6 Rd7 20. Ne5 1/2-1/2

[Event "Aeroflot Open B 2015"]
[Site "Moscú RUS"]
[Date "2015.04.02"]
[Round "7.31"]
[White "Demianjuk, Alexander"]
[Black "Zherebtsova, Alexandra"]
[Result "1-0"]
[WhiteElo "2340"]
[BlackElo "2184"]
[PlyCount "113"]
[EventDate "2015.03.27"]
[EventType "swiss"]
[EventRounds "9"]
[EventCountry "RUS"]
[Source "lmi"]
[SourceDate "2015.03.27"]

1. e4 e5 2. Nf3 Nc6 3. Bb5 a6 4. Ba4 Nf6 5. d3 d6 6. c3 Be7 7. O-O Bg4 8. Nbd2
O-O 9. h3 Bh5 10. Re1 b5 11. Bc2 d5 12. Qe2 dxe4 13. dxe4 Nd7 14. a4 b4 15. a5
Nc5 16. Nb3 Nb7 17. g4 Bg6 18. Bd3 Nd6 19. Nc5 Nb5 20. Nxa6 Rxa6 21. Bxb5 Rxa5
22. Rxa5 Nxa5 23. Nxe5 bxc3 24. bxc3 Bd6 25. Nxg6 hxg6 26. e5 Bc5 27. e6 fxe6
28. Qxe6+ Kh7 29. Be3 Rf6 30. Qa2 Bxe3 31. Rxe3 c6 32. Bf1 Rd6 33. Re5 Rd5 34.
Re6 Qg5 35. Re8 Qc1 36. Qe2 Rd1 37. Kg2 Qd2 38. Qxd2 Rxd2 39. g5 Rc2 40. Bd3
Rxc3 41. Be4 Rc5 42. h4 Nc4 43. Re6 Ne5 44. f4 Nd7 45. Bxg6+ Kg8 46. h5 Nf8 47.
Re8 Rd5 48. Kf3 Rd6 49. f5 Rd3+ 50. Ke4 Rg3 51. f6 gxf6 52. gxf6 Rg1 53. Kf5 c5
54. h6 Rf1+ 55. Ke5 Re1+ 56. Kd5 Rxe8 57. f7+ 1-0

[Event "Aeroflot Open B 2015"]
[Site "Moscú RUS"]
[Date "2015.04.02"]
[Round "7.32"]
[White "Tomashevskaya, Lidia"]
[Black "Kanter, Eduard"]
[Result "0-1"]
[WhiteElo "2232"]
[BlackElo "2349"]
[PlyCount "56"]
[EventDate "2015.03.27"]
[EventType "swiss"]
[EventRounds "9"]
[EventCountry "RUS"]
[Source "lmi"]
[SourceDate "2015.03.27"]

1. e4 c5 2. Nf3 d6 3. d4 cxd4 4. Nxd4 Nf6 5. f3 e5 6. Nb3 Be6 7. c4 Be7 8. Be3
O-O 9. Nc3 Nc6 10. Be2 Nd7 11. Nd5 a5 12. O-O a4 13. Nc1 Nc5 14. Rb1 Bg5 15.
Bf2 f5 16. b4 axb3 17. Nxb3 Na4 18. Nc1 Rf7 19. Rb3 Nc5 20. Bxc5 dxc5 21. exf5
Bxd5 22. Qxd5 Nd4 23. Rb2 Nxf5 24. Qxd8+ Rxd8 25. Nd3 Be3+ 26. Kh1 Bd4 27. Rb6
Rf6 28. Rxb7 Ng3+ 0-1

[Event "Aeroflot Open B 2015"]
[Site "Moscú RUS"]
[Date "2015.04.02"]
[Round "7.33"]
[White "Savenkov, Konstantin"]
[Black "Zilbert, Oleg"]
[Result "0-1"]
[WhiteElo "2331"]
[BlackElo "2250"]
[PlyCount "82"]
[EventDate "2015.03.27"]
[EventType "swiss"]
[EventRounds "9"]
[EventCountry "RUS"]
[Source "lmi"]
[SourceDate "2015.03.27"]

1. e4 g6 2. d4 Bg7 3. Nc3 c6 4. Be3 d5 5. h3 dxe4 6. Nxe4 Nf6 7. Ng3 Nd5 8. Bc1
Nd7 9. Nf3 e5 10. dxe5 Nxe5 11. Nxe5 Bxe5 12. c4 Qe7 13. Be2 Nf4 14. Bxf4 Bxf4
15. O-O O-O 16. Re1 Rd8 17. Qb3 Bd2 18. Red1 Be6 19. Bg4 f5 20. Bf3 Rd4 21. Qc2
Rad8 22. b3 h5 23. Nf1 Ba5 24. Bd5 Rxd1 25. Bxe6+ Qxe6 26. Rxd1 Re8 27. c5 Bc7
28. Ne3 b5 29. cxb6 axb6 30. Nf1 b5 31. Qc5 Ra8 32. a3 Rd8 33. Rc1 Rd6 34. a4
bxa4 35. bxa4 Qb3 36. Re1 Qd5 37. Re8+ Kf7 38. Qe3 Re6 39. Rxe6 Qxe6 40. Qa7
Qd7 41. a5 Bh2+ 0-1

[Event "Aeroflot Open B 2015"]
[Site "Moscú RUS"]
[Date "2015.04.02"]
[Round "7.34"]
[White "Hakobyan, Aram"]
[Black "Ovod, Evgenija"]
[Result "1/2-1/2"]
[WhiteElo "2283"]
[BlackElo "2325"]
[PlyCount "114"]
[EventDate "2015.03.27"]
[EventType "swiss"]
[EventRounds "9"]
[EventCountry "RUS"]
[Source "lmi"]
[SourceDate "2015.03.27"]

1. e4 e5 2. Nf3 Nc6 3. Bb5 Nf6 4. d3 Bc5 5. Bxc6 dxc6 6. h3 O-O 7. O-O Bd6 8.
Nbd2 Re8 9. Nc4 c5 10. a4 Nd7 11. a5 Nf8 12. Ne3 Ne6 13. Bd2 Nf4 14. Nc4 Qf6
15. Bxf4 Qxf4 16. Qd2 Qf6 17. Qe3 h6 18. Nfd2 Be6 19. Qg3 Rad8 20. Ne3 Qf4 21.
b3 h5 22. Nf3 Qxg3 23. fxg3 f6 24. g4 hxg4 25. hxg4 g6 26. Rae1 Kg7 27. g5 f5
28. exf5 gxf5 29. g4 fxg4 30. Nd2 Rf8 31. Ne4 Be7 32. Nc4 Rxf1+ 33. Rxf1 Bxc4
34. bxc4 Kg6 35. Kg2 Bxg5 36. Nxc5 b6 37. Ne6 Rd6 38. Nxc7 bxa5 39. Kg3 e4 40.
Nd5 Bd2 41. dxe4 Re6 42. Rd1 Bh6 43. c5 Rxe4 44. c6 Rc4 45. c7 Kf7 46. Re1 Bf8
47. c3 Bd6+ 48. Kg2 g3 49. Ra1 Bxc7 50. Nxc7 Rxc7 51. Rxa5 Ke6 52. Kxg3 Rxc3+
53. Kf4 Rc7 54. Ke4 Kd6 55. Kd4 Kc6 56. Rc5+ Kb6 57. Rxc7 Kxc7 1/2-1/2

[Event "Aeroflot Open B 2015"]
[Site "Moscú RUS"]
[Date "2015.04.02"]
[Round "7.35"]
[White "Yeletsky, Ivan"]
[Black "Gurvich, Vitaly"]
[Result "1-0"]
[WhiteElo "2312"]
[BlackElo "2247"]
[PlyCount "77"]
[EventDate "2015.03.27"]
[EventType "swiss"]
[EventRounds "9"]
[EventCountry "RUS"]
[Source "lmi"]
[SourceDate "2015.03.27"]

1. e4 c5 2. Nf3 d6 3. d4 cxd4 4. Nxd4 Nf6 5. Nc3 a6 6. h3 e6 7. g4 b5 8. Bg2
Bb7 9. O-O Nfd7 10. f4 Nb6 11. a4 bxa4 12. Nxa4 N8d7 13. Nc3 Rc8 14. f5 e5 15.
Nb3 Nc4 16. Nd5 Ndb6 17. f6 Nxd5 18. fxg7 Bxg7 19. exd5 Qb6+ 20. Kh1 Qb5 21.
Qf3 O-O 22. Rd1 Qd7 23. Qe2 Qb5 24. Qf2 a5 25. Qf5 f6 26. Be4 Rf7 27. Qxh7+ Kf8
28. Bh6 Bxh6 29. Qxh6+ Ke7 30. g5 Rg8 31. gxf6+ Kd8 32. Qh5 Rxf6 33. Qh4 Rgf8
34. Rf1 Ke7 35. Rxf6 Rxf6 36. Rf1 Bxd5 37. Qxf6+ Kd7 38. Bxd5 Qxd5+ 39. Qf3 1-0

[Event "Aeroflot Open B 2015"]
[Site "Moscú RUS"]
[Date "2015.04.02"]
[Round "7.36"]
[White "Derakhshani, Dorsa"]
[Black "Byambaa, Zulzaga"]
[Result "1-0"]
[WhiteElo "2169"]
[BlackElo "2286"]
[PlyCount "89"]
[EventDate "2015.03.27"]
[EventType "swiss"]
[EventRounds "9"]
[EventCountry "RUS"]
[Source "lmi"]
[SourceDate "2015.03.27"]

1. e4 g6 2. d4 Bg7 3. Nc3 d6 4. Be3 c6 5. f3 b5 6. Qd2 Nd7 7. g4 Nb6 8. b3 Nf6
9. Bd3 e5 10. O-O-O O-O 11. dxe5 dxe5 12. Bh6 Be6 13. h4 Qe7 14. Nb1 Rfd8 15.
h5 Bh8 16. Qf2 c5 17. Bxb5 Rxd1+ 18. Kxd1 c4 19. Ne2 Qc7 20. Be3 a6 21. Bxb6
Qd6+ 22. Kc1 axb5 23. Rd1 Qc6 24. Qc5 Qxc5 25. Bxc5 Nd7 26. Ba3 Bg7 27. Nec3
Rb8 28. Bd6 Rb7 29. b4 Bh6+ 30. Kb2 Be3 31. Na3 f6 32. hxg6 hxg6 33. Naxb5 Kf7
34. a4 Nb6 35. a5 Nc8 36. a6 Rb6 37. Ra1 Nxd6 38. a7 Nxb5 39. Nxb5 Rxb5 40.
a8=Q Rxb4+ 41. Kc3 Rb5 42. Rh1 Bd4+ 43. Kd2 Ke7 44. Rh7+ Bf7 45. Qg8 1-0

[Event "Aeroflot Open B 2015"]
[Site "Moscú RUS"]
[Date "2015.04.02"]
[Round "7.37"]
[White "Gavrilov, Alexei"]
[Black "Gadimbayli, Abdulla"]
[Result "1/2-1/2"]
[WhiteElo "2485"]
[BlackElo "2332"]
[PlyCount "106"]
[EventDate "2015.03.27"]
[EventType "swiss"]
[EventRounds "9"]
[EventCountry "RUS"]
[Source "lmi"]
[SourceDate "2015.03.27"]

1. e4 e6 2. d4 d5 3. Nd2 Nf6 4. e5 Nfd7 5. Bd3 c5 6. c3 Nc6 7. Ne2 cxd4 8. cxd4
f6 9. exf6 Nxf6 10. Nf3 Bd6 11. O-O O-O 12. Bf4 Bxf4 13. Nxf4 Ng4 14. Qd2 Qf6
15. Nh5 Qh6 16. Qxh6 Nxh6 17. Be2 a6 18. Rad1 g6 19. Ng3 Rf4 20. Rd2 Bd7 21.
Rc1 Nf7 22. Nf1 Nd6 23. g3 Rff8 24. Rdd1 Rac8 25. Ne3 Ne4 26. Ng4 Na7 27. Rxc8
Rxc8 28. Nd2 Ba4 29. b3 Nc3 30. Re1 Nxe2+ 31. Rxe2 Rc1+ 32. Kg2 Bb5 33. Rxe6
Rd1 34. a4 Bd3 35. Re8+ Kg7 36. Re7+ Kf8 37. Rxb7 Nc6 38. Nf6 Rxd2 39. Nxh7+
Ke8 40. Nf6+ Kf8 41. Nh7+ Ke8 42. Nf6+ Kd8 43. Rd7+ Kc8 44. Rxd5 Bc2 45. Rc5
Kb7 46. d5 Ne5 47. Rc3 Nd3 48. Ne8 Rxf2+ 49. Kg1 Re2 50. Nd6+ Kb8 51. a5 Ne5
52. Rc8+ Ka7 53. Rc7+ Kb8 1/2-1/2

[Event "Aeroflot Open B 2015"]
[Site "Moscú RUS"]
[Date "2015.04.02"]
[Round "7.38"]
[White "Pratyusha, Bodda"]
[Black "Mammadova, Gulnar"]
[Result "1/2-1/2"]
[WhiteElo "2270"]
[BlackElo "2314"]
[PlyCount "94"]
[EventDate "2015.03.27"]
[EventType "swiss"]
[EventRounds "9"]
[EventCountry "RUS"]
[Source "lmi"]
[SourceDate "2015.03.27"]

1. d4 d5 2. c4 c6 3. Nc3 Nf6 4. e3 e6 5. Nf3 Nbd7 6. Bd3 dxc4 7. Bxc4 b5 8. Bd3
a6 9. a4 b4 10. Ne4 Bb7 11. O-O c5 12. Nxc5 Bxc5 13. dxc5 Nxc5 14. Bc4 O-O 15.
Qe2 Nfe4 16. Bd2 a5 17. Rfd1 Qf6 18. Be1 h6 19. Nd4 Rfd8 20. f3 Nd6 21. Nb3
Nxb3 22. Bxb3 Ba6 23. Qf2 Nc4 24. Bxc4 Bxc4 25. Qh4 Bb3 26. Rxd8+ Qxd8 27.
Qxd8+ Rxd8 28. Rc1 Bxa4 29. Ra1 Rd1 30. Rxd1 Bxd1 31. Bg3 a4 32. Bd6 a3 33.
bxa3 b3 34. Be5 f6 35. Bb2 Kf7 36. Kf2 e5 37. e4 Ke6 38. Ke3 Kd6 39. Kd2 Bc2
40. a4 g6 41. Ba3+ Kd7 42. Bf8 f5 43. exf5 gxf5 44. Kc3 e4 45. fxe4 Bxe4 46.
Kxb3 Bxg2 47. Bxh6 Kc6 1/2-1/2

[Event "Aeroflot Open B 2015"]
[Site "Moscú RUS"]
[Date "2015.04.02"]
[Round "7.39"]
[White "Bayarmaa, Bayarjargal"]
[Black "Vojinovic, Jovana"]
[Result "1-0"]
[WhiteElo "2264"]
[BlackElo "2284"]
[PlyCount "120"]
[EventDate "2015.03.27"]
[EventType "swiss"]
[EventRounds "9"]
[EventCountry "RUS"]
[Source "lmi"]
[SourceDate "2015.03.27"]

1. d4 d5 2. c4 Nc6 3. cxd5 Qxd5 4. Nf3 e5 5. Nc3 Bb4 6. Bd2 Bxc3 7. Bxc3 e4 8.
Ne5 Be6 9. Nxc6 bxc6 10. e3 h5 11. Qa4 Nf6 12. Bb4 Bd7 13. Qa6 Qf5 14. Rc1 Nd5
15. Ba3 f6 16. Bc4 h4 17. Qb7 Rc8 18. Qxa7 h3 19. gxh3 Nb6 20. Bf1 g5 21. Rg1
Nd5 22. Qc5 Kf7 23. Rg3 Qe6 24. Bc4 Kg6 25. Bb3 Rh7 26. Qa5 Be8 27. Rc5 Rd8 28.
Bd1 Qc8 29. Bc2 f5 30. Qd2 Kf6 31. Bb3 Rh4 32. Bxd5 cxd5 33. Qa5 c6 34. Qb4 Qe6
35. Ra5 Bd7 36. Qd6 f4 37. Qxe6+ Bxe6 38. Rxg5 Kxg5 39. Be7+ Kf5 40. Bxh4 Rh8
41. Be7 Rxh3 42. exf4 e3 43. fxe3 Rxe3+ 44. Kd2 Rh3 45. Ra3 Rxh2+ 46. Kc3 Rh1
47. Kb4 Kxf4 48. Kc5 Ke4 49. Bg5 Kf5 50. Bd2 Rh2 51. Bc1 Rh1 52. Rf3+ Ke4 53.
Re3+ Kf5 54. Rc3 Bd7 55. a4 Re1 56. a5 Ke4 57. a6 Bc8 58. a7 Bb7 59. Bh6 Ba8
60. Rb3 Rh1 1-0

[Event "Aeroflot Open B 2015"]
[Site "Moscú RUS"]
[Date "2015.04.02"]
[Round "7.40"]
[White "Baterdene, Tsogbayar"]
[Black "Mamyrbay, Assad"]
[Result "0-1"]
[WhiteElo "2196"]
[BlackElo "2222"]
[PlyCount "120"]
[EventDate "2015.03.27"]
[EventType "swiss"]
[EventRounds "9"]
[EventCountry "RUS"]
[Source "lmi"]
[SourceDate "2015.03.27"]

1. e4 e5 2. Nf3 Nc6 3. Bb5 Nf6 4. d3 Bc5 5. c3 d6 6. O-O O-O 7. Nbd2 Ne7 8. Re1
c6 9. Ba4 Ng6 10. Nf1 Bb6 11. h3 Re8 12. Ng3 Bc7 13. d4 d5 14. Bg5 exd4 15.
Qxd4 Ne5 16. exd5 Nxf3+ 17. gxf3 Rxe1+ 18. Rxe1 Bxh3 19. Bxf6 Qxf6 20. Qxf6
gxf6 21. dxc6 bxc6 22. Bxc6 Rd8 23. Nh5 Be6 24. Nxf6+ Kf8 25. Nxh7+ Kg7 26. Ng5
Bxa2 27. Re4 Rd1+ 28. Kg2 Rd6 29. Ba4 Rg6 30. f4 Bd5 31. Kf1 Rxg5 32. Rd4 Rh5
33. Bd1 Rh1+ 34. Ke2 Be6 35. Bc2 Bb6 36. Rd2 Rh3 37. Be4 Bc4+ 38. Kd1 Rh2 39.
f3 Rh1+ 40. Kc2 Be3 41. Rg2+ Kf6 42. b3 Be6 43. Kb2 Bxf4 44. Re2 Rh2 45. Rxh2
Bxh2 46. c4 Ke5 47. Kc3 a5 48. b4 axb4+ 49. Kxb4 Bg1 50. Kb5 Kd6 51. Kb4 Bc5+
52. Kc3 Bd7 53. Bd5 f6 54. Bf7 Bc6 55. Bh5 Ke5 56. Kd3 Kf4 57. Ke2 f5 58. Bg4
fxg4 59. fxg4 Kxg4 60. Kd3 Kf4 0-1

[Event "Aeroflot Open B 2015"]
[Site "Moscú RUS"]
[Date "2015.04.03"]
[Round "8.1"]
[White "Lin, Chen"]
[Black "Kotanjian, Tigran"]
[Result "1/2-1/2"]
[WhiteElo "2448"]
[BlackElo "2482"]
[PlyCount "110"]
[EventDate "2015.03.27"]
[EventType "swiss"]
[EventRounds "9"]
[EventCountry "RUS"]
[Source "lmi"]
[SourceDate "2015.03.27"]

1. e4 c5 2. Nf3 Nc6 3. d4 cxd4 4. Nxd4 Nf6 5. Nc3 d6 6. f3 e5 7. Nb3 Be7 8. Be3
O-O 9. Qd2 a5 10. Bb5 Be6 11. Rd1 Na7 12. Be2 Nc8 13. Nd5 Bxd5 14. exd5 Nb6 15.
c4 Qc7 16. Rc1 a4 17. Na1 Nbd7 18. Nc2 Nc5 19. Na3 e4 20. f4 Qd7 21. h3 Ne8 22.
O-O Nc7 23. Nc2 Bf6 24. Nd4 Rfe8 25. Kh2 N7a6 26. Rb1 Re7 27. Nb5 Nd3 28. Bxd3
exd3 29. Qxd3 Rae8 30. Bf2 h5 31. Rfe1 Rxe1 32. Rxe1 Rxe1 33. Bxe1 Nc5 34. Qe2
h4 35. Bb4 b6 36. Bxc5 bxc5 37. b3 axb3 38. axb3 g6 39. Kh1 Kg7 40. Qe1 Qd8 41.
Kg1 Qd7 42. Qe4 Kg8 43. Kf2 Qd8 44. Kf3 Bg7 45. g4 hxg3 46. Kxg3 g5 47. Kg4
gxf4 48. Qxf4 Qd7+ 49. Qf5 Qe7 50. Qc8+ Bf8 51. Kf3 Qf6+ 52. Ke4 Qg6+ 53. Qf5
Qg2+ 54. Kd3 Qb2 55. Qg4+ Kh7 1/2-1/2

[Event "Aeroflot Open B 2015"]
[Site "Moscú RUS"]
[Date "2015.04.03"]
[Round "8.3"]
[White "Badmatsyrenov, Oleg"]
[Black "Evdokimov, Alexander A"]
[Result "1/2-1/2"]
[WhiteElo "2468"]
[BlackElo "2505"]
[PlyCount "161"]
[EventDate "2015.03.27"]
[EventType "swiss"]
[EventRounds "9"]
[EventCountry "RUS"]
[Source "lmi"]
[SourceDate "2015.03.27"]

1. e4 c6 2. Nf3 d5 3. Nc3 Bg4 4. h3 Bxf3 5. Qxf3 e6 6. d4 dxe4 7. Nxe4 Nd7 8.
Bd3 Ngf6 9. Bd2 Nxe4 10. Qxe4 Nf6 11. Qh4 Qc7 12. O-O-O O-O-O 13. Kb1 h6 14. f4
Rxd4 15. Qf2 c5 16. f5 e5 17. Bc3 Rd8 18. Qe2 Bd6 19. Bb5 e4 20. Bxf6 gxf6 21.
Qxe4 Be5 22. Bc4 Rd7 23. Rxd7 Qxd7 24. c3 Rd8 25. a3 Kb8 26. Re1 Rg8 27. Be2
Qc7 28. Rd1 Qb6 29. Kc2 Rd8 30. Rxd8+ Qxd8 31. Bc4 Qd7 32. Bd5 Bd6 33. g4 a6
34. a4 Kc8 35. Qc4 b5 36. axb5 axb5 37. Qa2 c4 38. Qa6+ Kc7 39. Qb7+ Kd8 40.
Qb6+ Bc7 41. Qxf6+ Qe7 42. Qxh6 Bd6 43. Qd2 Kc7 44. Bf3 Qh4 45. Qd5 Qf2+ 46.
Kb1 Qg1+ 47. Qd1 Qxd1+ 48. Bxd1 Be7 49. b3 Kd6 50. bxc4 bxc4 51. Ba4 Bg5 52.
Kc2 Kc5 53. f6 Kd5 54. Be8 Ke6 55. Bc6 Bxf6 56. Be4 Bh4 57. Bh7 Be1 58. Bg8 Kf6
59. Bh7 Ke6 60. Be4 Ke5 61. Bf5 Kd5 62. Bd7 Kd6 63. Be8 Ke6 64. Kb2 f6 65. Bg6
Kd5 66. Bf7+ Kc5 67. Kc2 Kb5 68. Bg8 Kc5 69. Be6 Kb5 70. Kd1 Bxc3 71. h4 Kc5
72. h5 Kd6 73. Bxc4 Ke7 74. Kc2 Be5 75. Kd3 Kf8 76. Ke4 Bb2 77. Kf5 Kg7 78. h6+
Kxh6 79. g5+ fxg5 80. Be2 g4 81. Bxg4 1/2-1/2

[Event "Aeroflot Open B 2015"]
[Site "Moscú RUS"]
[Date "2015.04.03"]
[Round "8.4"]
[White "Khusnutdinov, Rustam"]
[Black "Neelotpal, Das"]
[Result "0-1"]
[WhiteElo "2490"]
[BlackElo "2446"]
[PlyCount "90"]
[EventDate "2015.03.27"]
[EventType "swiss"]
[EventRounds "9"]
[EventCountry "RUS"]
[Source "lmi"]
[SourceDate "2015.03.27"]

1. e4 c5 2. Nf3 e6 3. g3 Nc6 4. Bg2 Nf6 5. Qe2 e5 6. O-O Be7 7. c3 O-O 8. Na3
Re8 9. d3 h6 10. Nc4 Bf8 11. Ne3 d6 12. Rd1 b6 13. h3 Bb7 14. Nh2 Ne7 15. Nhg4
Nxg4 16. Qxg4 d5 17. d4 exd4 18. cxd4 dxe4 19. dxc5 Qc8 20. Qxc8 Rexc8 21. cxb6
axb6 22. b3 Rd8 23. Rxd8 Rxd8 24. Bb2 Nc8 25. Rd1 Rxd1+ 26. Nxd1 g6 27. Ne3 Bg7
28. Bxg7 Kxg7 29. h4 Nd6 30. Bf1 f5 31. Nc4 Nxc4 32. Bxc4 Kf6 33. Kf1 Ke5 34.
Ke2 g5 35. hxg5 hxg5 36. Kd2 Kd4 37. Bf1 f4 38. gxf4 gxf4 39. b4 e3+ 40. fxe3+
fxe3+ 41. Ke1 Kc3 42. b5 Bd5 43. a4 Kb4 44. Bd3 Bf3 45. Bc2 Bh5 0-1

[Event "Aeroflot Open B 2015"]
[Site "Moscú RUS"]
[Date "2015.04.03"]
[Round "8.5"]
[White "Sarana, Alexey"]
[Black "Gordievsky, Dmitry"]
[Result "1-0"]
[WhiteElo "2419"]
[BlackElo "2472"]
[PlyCount "75"]
[EventDate "2015.03.27"]
[EventType "swiss"]
[EventRounds "9"]
[EventCountry "RUS"]
[Source "lmi"]
[SourceDate "2015.03.27"]

1. d4 Nf6 2. Nf3 e6 3. c4 Bb4+ 4. Nbd2 O-O 5. a3 Be7 6. e4 d6 7. Bd3 e5 8. d5
a5 9. O-O Nbd7 10. Bc2 g6 11. Rb1 Ne8 12. b4 axb4 13. axb4 f5 14. exf5 gxf5 15.
Bb2 Ng7 16. c5 Nf6 17. Nc4 Nfe8 18. h4 e4 19. Ng5 h6 20. Nh3 Bxh4 21. f3 exf3
22. Rxf3 Bf6 23. Nf4 Bxb2 24. Rxb2 Qg5 25. Bb3 Kh7 26. Re2 Qf6 27. Re1 Bd7 28.
cxd6 Nxd6 29. Ne5 Be8 30. Qc2 Nb5 31. Rg3 Bf7 32. Qc5 Rfe8 33. Rge3 Nd6 34.
Qxc7 Ne4 35. Qxf7 Qxe5 36. Qg6+ Kh8 37. Qxh6+ Kg8 38. d6+ 1-0